Els Sots feréstecs : guia de la ruta literària / guia de la ruta literària /
ISBN:
9788470111136
Descripción Física:
95 pàgines : il·lustracions en color ; 21 cm
Descripción:
Aquesta guia vol ajudar a llegir i a seguir Els sots feréstecs la novel·la escrita l'any 1901 per Raimon Caselles. És un recurs que fa de pont entre la realitat escrita i la realitat física; entre les facècies que visqueren els personatges, al territori i la realitat tangible dels cingles de Be...
Materias:
Casellas, Raimon, -- 1855-1910. -- Sots feréstecs
; Viatges literaris -- Catalunya
; Viatges literaris -- Vallès Oriental (Catalunya)
; Vallès Oriental (Catalunya) -- En la literatura
Idioma:
Catalán
MARC
| LEADER | 00000nam a2200000zi 4500 | ||
|---|---|---|---|
| 001 | 28908 | ||
| 003 | AGDB | ||
| 005 | 20260324181532.0 | ||
| 008 | 250317s2024 spcab |||| 0 cat|c | ||
| 017 | |a B 5594-2024 |b Biblioteca de Catalunya | ||
| 020 | |a 9788470111136 | ||
| 040 | |a ES-ReCLR |b cat |e rda |c ES-ReCLR | ||
| 100 | 1 | |a Closas, Ramon, |e autor |9 72158 | |
| 245 | 1 | 4 | |a Els Sots feréstecs : |b guia de la ruta literària / |c Ramon Closas i Mestre |
| 250 | |a Primera edició: maig de 2024 | ||
| 264 | 1 | |a Granollers : |b Editorial Alpina ; |c 2024 | |
| 300 | |a 95 pàgines : |b il·lustracions en color ; |c 21 cm | ||
| 336 | |a text |b txt |2 rdacontent | ||
| 337 | |a sense mediació |b n |2 rdamedia | ||
| 338 | |a volum |b nc |2 rdacarrier | ||
| 520 | |a Aquesta guia vol ajudar a llegir i a seguir Els sots feréstecs la novel·la escrita l'any 1901 per Raimon Caselles. És un recurs que fa de pont entre la realitat escrita i la realitat física; entre les facècies que visqueren els personatges, al territori i la realitat tangible dels cingles de Bertí, els serrats de Puiggraciós i els sots de Montmany tal com encara avui podem trepitjar-los. Una geografia literària per resseguir pàgines i contrades. -- Contracoberta | ||
| 600 | 1 | 4 | |a Casellas, Raimon, |d 1855-1910. |t Sots feréstecs |9 72160 |
| 650 | 0 | |a Viatges literaris |z Catalunya |9 54164 | |
| 650 | 0 | |a Viatges literaris |z Vallès Oriental (Catalunya) |9 72155 | |
| 651 | 0 | |a Vallès Oriental (Catalunya) |x En la literatura |9 72157 | |
| 710 | 2 | |a Figaró Memorial |9 72159 | |
| 908 | |a CLR | ||
| 940 | |a CLR | ||
| 942 | |c ARXIU |2 udc |n 1 | ||
| 952 | |0 0 |1 0 |4 0 |6 BIB1302 |7 1 |9 98182 |a Arxiu |b Arxiu |d 2025-06-18 |l 0 |o Bib-1302 |p 28908 |r 2025-06-18 00:00:00 |w 2025-06-18 |y ARXIU | ||
| 999 | |c 129960 |d 129960 | ||